Film che iniziano per U - Statistics

Statistiche generali
  • Questo quiz è stato fatto 99 volte
  • Il punteggio medio è 6 su 15
Statistiche sulle risposte
Descrizione Film % Corretto
Un guardiano notturno in un museo di storia naturale newyorkese, durante la sua prima notte di servizio, scopre che le esposizioni hanno qualcosa di incantato. Una notte al museo
95%
L'epopea di un famoso eroe greco che cerca di tornare in patria dalla moglie, assediata da numerosi pretendenti, credendo il marito morto. Ulisse
88%
Un gruppo di amici si reca a Las Vegas per festeggiare un addio al nubilato. Dopo una notte di festeggiamenti si risvegliano in una suite d'albergo senza alcun ricordo. Una notte da leoni
86%
Dio dona per sette giorni i suoi poteri ad un giornalista televisivo che, a causa di una giornata sfortunata, se la prende con il padreterno. Una settimana da Dio
77%
Un anziano vedovo intraprende un viaggio in Sud America in memoria della defunta moglie. Un simpatico ragazzino scout lo accompagna in questa avventura. Up
73%
Per una scommessa, due potenti magnati sostituiscono un affermato broker con un senzatetto afroamericano. Una poltrona per due
53%
Il protagonista tenta in modo maldestro di assomigliare ad un americano, imitando quello che crede lo stile di vita, l'abbigliamento e l'alimentazione statunitense. Un americano a Roma
37%
Un poliziotto un po' impacciato, viene incaricato di indagare sul responsabile del presunto attentato alla Regina d'Inghilterra e di organizzare il suo servizio di difesa. Una pallottola spuntata
24%
Dopo la morte della moglie, un quarantenne americano, trapiantato a Parigi, incontra casualmente una ventenne parigina. Tra i due scoppia una passione travolgente. Ultimo tango a Parigi
23%
Il giovane Nathan viene reclutato dall'esperto Sully per intraprendere un'audace missione: trovare il tesoro di Magellano. Uncharted
23%
Un alieno giunge sulla Terra con un messaggio per l'umanità: se non cambierà il proprio comportamento bellicoso e distruttivo, sarà minacciata da conseguenze catastrofiche. Ultimatum alla Terra
19%
Una guerriera vampira scopre un complotto architettato dai nemici licantropi: rapire un giovane umano con un destino importante. Underworld
19%
È l'8 maggio 1938, Hitler è in visita a Roma. Tutti festeggiano. Antonietta, rimasta a casa sola con i figli, si accorge che anche il vicino, Gabriele, è rimasto a casa. Una giornata particolare
13%
Un giornalista indaga sulla scomparsa di una donna. Con l'aiuto di una hacker scopre una rete di violenza e misoginia che avvolge la famiglia della donna. Uomini che odiano le donne
7%
Un giovane provinciale arrivista, si innamora di una bella ereditiera e cerca di sbarazzarsi della propria fidanzata incinta. Un posto al sole
2%
Nessun quiz corrispondente trovato
Distribuzione punteggi
Percentuale di utenti per punteggio
Percentile per numero di risposta
I tuoi punteggi nel tempo
Non hai fatto questo quiz